Online
Catalog

La lectura de la imagen : (Record no. 40138)

MARC details
000 -CABECERA
campo de control de longitud fija 00533nam a2200181 a 4500
001 - NÚMERO DE CONTROL
campo de control 000040648
005 - FECHA Y HORA DE LA ÚLTIMA TRANSACCIÓN
campo de control 20201002034257.0
008 - DATOS DE LONGITUD FIJA--INFORMACIÓN GENERAL
campo de control de longitud fija 130904s1984 sp 000 0 spa d
020 ## - NÚMERO INTERNACIONAL ESTÁNDAR DEL LIBRO
Número Internacional Estándar del Libro 9788475092416
040 ## - FUENTE DE LA CATALOGACIÓN
Centro catalogador/agencia de origen DO-SdBNP
Lengua de catalogación spa
Centro/agencia transcriptor BNPHU
100 1# - ENTRADA PRINCIPAL--NOMBRE DE PERSONA
Nombre de persona Vilches, Lorenzo
9 (RLIN) 45845
245 13 - MENCIÓN DE TÍTULO
Título La lectura de la imagen :
Resto del título prensa, cine, televisión /
Mención de responsabilidad, etc. Lorenzo Vilches.
250 ## - MENCIÓN DE EDICIÓN
Mención de edición 10a. ed.
260 ## - PUBLICACIÓN, DISTRIBUCIÓN, ETC.
Lugar de publicación, distribución, etc. Barcelona :
Nombre del editor, distribuidor, etc. Paidós,
Fecha de publicación, distribución, etc. 1984.
300 ## - DESCRIPCIÓN FÍSICA
Extensión 248 p. : ;
Dimensiones 22 cm.
500 ## - NOTA GENERAL
Nota general Incluye índice
504 ## - NOTA DE BIBLIOGRAFÍA, ETC.
Nota de bibliografía, etc. Bibliografía : 231 -244
Holdings
Estado de retiro Estado de pérdida Restricciones de uso No para préstamo Código de colección Localización permanente Ubicación/localización actual Ubicación en estantería Fecha de adquisición Número de inventario Total de préstamos Signatura topográfica completa Código de barras Fecha visto por última vez Precio válido a partir de Tipo de ítem Koha
        Monografías: Libros y Folletos General General Orden iniciada 04.09.2013 LF1   40648-10 25.06.2020 25.06.2020 No se presta

Powered by Koha